La Lucha por la paz /

Na minha lista:
Detalhes bibliográficos
Autor principal: Duryea Smith, Charles
Outros Autores: Bonanno, Antonio
Formato: Texto
Publicado em: Buenos Aires: Grupo editor Latinoamericano
Tags: Adicionar Tag
Sem tags, seja o primeiro a adicionar uma tag!

MARC

LEADER 00000 a a2200000 04500
001 24695
003
040 |a CRAI/IIS  |c CRAI/IIS 
090 |a 177700  
100 |a Duryea Smith, Charles  
245 |a La Lucha por la paz /  |c Charles Duryea Smith 
260 |a Buenos Aires:   |b Grupo editor Latinoamericano  
300 |a 265 p  
700 |a Bonanno, Antonio  
999 |c 13123  |d 13123